000 01609caa a22002891ib4500
003 SA-RiAUC
005 20250113063913.0
008 250112s2009 ir g be 000 0 ara c
020 _a9789641670582
040 _aSA-JeALM
_bara
_cSA-RiAUC.
_erda
072 7 _aMAI
082 0 4 _a251.03
090 _a251.03
_bم ج م
110 2 _aالمجمع العالمي للتقريب بين المذاهب الإسلامية (طهران).
_bمركز التحقيقات والدراسات العلمية
_eمؤلف.
245 1 0 _aموسوعة أصول الفقه المقارن =
_bEncyclopedia of comparative jurisprudence fundamentals /
_cإعداد مركز التحقيقات والدراسات العلمية، المجمع العالمي للتقريب بين المذاهب الإسلامية.
246 3 1 _aEncyclopedia of comparative jurisprudence fundamentals
264 _aطهران :
_bالمجمع العلمي للتقريب بين المذاهب الاسلامية.
_c2009
300 _aمجلد :
_c30 سم
336 _aنص
_btxt
_2rdacontent
_3كتاب
337 _aبدون وسيط
_bn
_2rdamedia
338 _aمجلد
_bnc
_2rdacarrier
504 _aببليوجرافية : صفحة 385-424.
580 _aفي : موسوعة أصول الفقه المقارن = Encyclopedia of comparative jurisprudence fundamentals. -طهران : المجمع العالمي للتقريب بين المذاهب الإسلامية، 2009. -مج. 1.
650 7 _aأصول الفقه الإسلامي
_vدوائر معارف
_2aucsh
942 _2ddc
_cBOOK
_n0
949 _aSA-JeALM
_d250112
_uosman123
_n1
999 _c4650
_d4650